000 00944nam a2200265Ia 4500
003 OSt
005 20221005110548.0
006 a|||||r|||| 00| 0
007 ta
008 221004b |||||||| |||| 00| 0 hin d
020 _a9788126318933 (hbk)
_c200
024 _a121446
037 _b13336, 23/07/2012, Kitab Ghar
_cTextual
040 _aCRL
_cCRL
_bhin
041 _2hin
_ahin
082 _aO152,3:gN, Q0
100 _aजोशी, ज्योतिड्ढ
245 0 _aउपन्यास की समकालीनता
246 _aUpanyās kī samakālīnatā
260 _aनई दिल्ली
_bभारतीय ज्ञानपीठ भारत
_c2010
300 _a240पृ0
_ccm.
650 _aहिन्दी साहित्य
942 _hO152,3:gN, Q0
_cTEXL
_2cc
999 _c1019210
_d1019210